000 01251cas a2200325 i 4500
001 000037100
003 DO-SdBNP
005 20260318140114.0
007 ta
008 120213c2003 dr tr1p|r| || |0spa d
040 _aDO-SdBNP
_bspa
_cBNPHU
_erda
041 _hspa
110 _aFalconbridge Dominicana
_910755
245 0 1 _aEl puente Halcon :
_bboletín de la falconbridge dominicana.
264 _aBonao, República Dominicana :
_bFanconbridge Dominicana,
_c2003.
300 _avolumen :
_bilustraciones, fotografías ;
_c28 cm.
310 _aCuatrimestral.
336 _atexto
_btxt
_2rdacontent
337 _asin mediación
_bn
_2rdamedia
338 _avolumen
_bnc
_2rdacarrier
362 1 _aNo. 8 (julio-septiembre 2003).
500 _a50 Aniversario.
500 _aCatalogación basada en el no. 8 (enero-septiembre 2005).
500 _aPublicación de Falconbridge Dominicana.
500 _aCatalogación basada en el: (julio-septiembre 2003).
610 0 _aFalconbridge Dominicana
_910755
_vPublicaciones periódicas
650 0 _aMinería
_989239
_vPublicaciones periódicas
_zRepública Dominicana
650 0 _aEmpresas internacionales
_947948
_vPublicaciones periódicas
_zRepública Dominicana
942 _2ddc
_cISSUE
999 _c36590
_d36590